000 00782nam a2200229 4500
001 bimo0002148227
003 MX-LbUP
005 20250113122649.0
008 061211s2006 sp | | ||| ||spa
020 _a9788449319358
040 _aSpMaBN
_bspa
_cSpMaBN
_erdc
_dMX-LbUP
050 1 4 _aPC4410
_bC37 2006
100 1 _aCassany, Daniel
_d1961-
_eautor
_912230
245 1 0 _aTaller de textos :
_bleer, escribir y comentar en el aula /
_cDaniel Cassany
260 _aBarcelona, España :
_bPaidós.
_c2006
300 _a187 páginas :
_bilustraciones ;
_c23 cm.
490 _aPapeles de pedagogía
_914673
500 _aIncluye índice.
650 0 _aEspañol
_xEstilo
_vManuales
_92095
650 0 _aComunicación escrita
_xEstudio y enseñanza
_vManuales, etc.
_99585
942 _2lcc
_cLB
999 _c7964
_d7964